000
00279nam a22001097a 4500
020
_a
8183710360
082
_a
621.801
_b
KAN/DE
100
_a
Kannaiah P.
_9
308
245
_a
Design of Machine Elements
260
_a
Chennai
_b
Scitech Publications (India) Pvt. Ltd
_c
2012
942
_c
BBS
999
_c
14714
_d
14714